[Event "London Classic Open 2017"]
[Site "London ENG"]
[Date "2017.12.04"]
[Round "4.10"]
[White "Jones, Gawain C B"]
[Black "Arjun, Kalyan"]
[Result "1-0"]
[WhiteTitle "GM"]
[WhiteElo "2654"]
[BlackElo "2419"]
[WhiteFideId "409561"]
[BlackFideId "35018701"]
[EventDate "2017.12.02"]

1. Nf3 d5 2. g3 Bg4 3. Bg2 Nd7 4. O-O c6 5. d3 Ngf6 6. b3 e5 7. Bb2 Bd6 8. Nbd2
O-O 9. h3 Bh5 10. e4 Re8 11. Re1 dxe4 12. dxe4 Qc7 13. Qe2 Rad8 14. Qf1 Bg6 15.
Nh4 Nf8 16. Nc4 Bc5 17. Nxg6 hxg6 18. a4 b6 19. Kh2 a6 20. Bc3 Bd4 21. Bxd4 Rxd4
22. c3 Rdd8 23. Ra2 Ne6 24. b4 a5 25. Rb1 axb4 26. Rxb4 Rb8 27. Qb1 Nd7 28. Rd2
Red8 29. h4 b5 30. Ne3 Ndc5 31. Rxd8+ Qxd8 32. axb5 Nd3 33. bxc6 Nxb4 34. cxb4
Nd4 35. Qc1 Rc8 36. b5 Nxb5 37. Bh3 Ra8 38. Nd5 Nc7 39. Qb2 Ne8 40. Bd7 Nf6 41.
Nxf6+ gxf6 42. Qb7 Kg7 43. Be6 Qf8 44. c7 Qc5 45. Kg2 1-0

[Event "London Classic Open 2017"]
[Site "London ENG"]
[Date "2017.12.04"]
[Round "4.11"]
[White "Grandelius, Nils"]
[Black "Henderson de La Fuente, Lance"]
[Result "1-0"]
[WhiteTitle "GM"]
[WhiteElo "2647"]
[BlackElo "2419"]
[WhiteFideId "1710400"]
[BlackFideId "32096585"]
[EventDate "2017.12.02"]

1. d4 Nf6 2. c4 e6 3. Nf3 b6 4. g3 Bb7 5. Bg2 Be7 6. Nc3 Ne4 7. Bd2 f5 8. d5 Bf6
9. Qc2 O-O 10. Nxe4 fxe4 11. Qxe4 Bxb2 12. Ng5 Rf5 13. Rb1 Rxg5 14. Rxb2 Rf5 15.
Qc2 Rf8 16. Be4 h6 17. Bc3 Na6 18. Bh7+ Kh8 19. Qg6 Rf6 20. Bxf6 Qxf6 21. Qxf6
gxf6 22. Be4 Nc5 23. Bg2 e5 24. Bh3 Kg7 25. O-O a5 26. d6 cxd6 27. Rxb6 Bc6 28.
Rd1 Ne4 29. Bg2 Rc8 30. Rxc6 1-0

[Event "London Classic Open 2017"]
[Site "London ENG"]
[Date "2017.12.04"]
[Round "4.12"]
[White "Maze, Sebastien"]
[Black "Baenziger, Fabian"]
[Result "1/2-1/2"]
[WhiteTitle "GM"]
[BlackTitle "FM"]
[WhiteElo "2614"]
[BlackElo "2400"]
[WhiteFideId "613762"]
[BlackFideId "1330110"]
[EventDate "2017.12.02"]

1. e4 c5 2. Nf3 Nc6 3. Bb5 d6 4. O-O Bd7 5. Re1 a6 6. Bxc6 Bxc6 7. d4 cxd4 8.
Nxd4 Rc8 9. c4 Nf6 10. f3 e6 11. Qd3 Be7 12. Nc3 O-O 13. Be3 Nd7 14. b3 b6 15.
Rac1 Bb7 16. Qd2 Qc7 17. Bf2 Qb8 18. Red1 Ba8 19. Kh1 Rfe8 20. Bg3 Ne5 21. Qe1
Bd8 22. a4 Bc7 23. Nc2 Bc6 24. Nb4 Bb7 25. Qf1 Qa8 26. Nc2 Qb8 27. Ne3 h5 28.
Rc2 Ng6 29. Rcd2 Rcd8 30. h3 h4 31. Bh2 d5 32. Bxc7 Qxc7 33. exd5 Qe5 34. Rd3
Nf4 35. Ng4 Qg5 36. R3d2 exd5 37. Nxd5 Nxd5 38. cxd5 Rxd5 39. Rxd5 Bxd5 40. b4 1/2-1/2

[Event "London Classic Open 2017"]
[Site "London ENG"]
[Date "2017.12.04"]
[Round "4.13"]
[White "Hansen, Torbjorn Ringdal"]
[Black "Moussard, Jules"]
[Result "1/2-1/2"]
[WhiteTitle "GM"]
[BlackTitle "GM"]
[WhiteElo "2408"]
[BlackElo "2576"]
[WhiteFideId "1501720"]
[BlackFideId "642908"]
[EventDate "2017.12.02"]

1. e4 e5 2. Nf3 d6 3. d4 exd4 4. Nxd4 Nf6 5. Nc3 Be7 6. g3 O-O 7. Bg2 Re8 8. O-O
c6 9. h3 Bf8 10. Nde2 Nbd7 11. g4 Nc5 12. Ng3 Rb8 13. a4 a6 14. a5 g6 15. Be3
Qc7 16. Qd2 Bg7 17. Rfd1 Re6 18. f4 Ne8 19. g5 Re7 20. Bxc5 dxc5 21. e5 h6 22.
h4 Bg4 23. Re1 Rd7 24. Qe3 Bf8 25. Nce4 c4 26. Bf1 Be6 27. Ra4 Rbd8 28. h5 Kh8
29. hxg6 fxg6 30. Nc5 Bxc5 31. Qxc5 hxg5 32. Qf8+ Bg8 33. e6 Ng7 34. e7 Re8 35.
Re2 Rdxe7 36. Rh2+ Nh5 37. Qf6+ Rg7 38. Nxh5 gxh5 39. Rxh5+ Bh7 40. Rxg5 b5 41.
Ra3 Qe7 42. Qxg7+ Qxg7 43. Rxg7 Kxg7 44. Rc3 Re1 45. Kf2 Ra1 46. b4 Rb1 47. Rg3+
Kf6 48. c3 Rc1 49. Bh3 Rc2+ 50. Ke1 Bd3 51. Re3 Rxc3 52. Re6+ Kf7 53. Rxc6 Rb3
54. Be6+ Ke7 55. f5 Be4 56. f6+ Kxf6 57. Bxc4+ Bxc6 58. Bxb3 1/2-1/2

[Event "London Classic Open 2017"]
[Site "London ENG"]
[Date "2017.12.04"]
[Round "4.14"]
[White "Donchenko, Alexander"]
[Black "Munguntuul, Batkhuyag"]
[Result "1-0"]
[WhiteTitle "GM"]
[BlackTitle "IM"]
[WhiteElo "2569"]
[BlackElo "2397"]
[WhiteFideId "24603295"]
[BlackFideId "4900758"]
[EventDate "2017.12.02"]

1. Nf3 d5 2. g3 Nf6 3. Bg2 Bg4 4. c4 c6 5. Ne5 Bf5 6. cxd5 cxd5 7. Qa4+ Bd7 8.
Nxd7 Qxd7 9. Nc3 Qxa4 10. Nxa4 Nc6 11. d3 e6 12. Be3 Bb4+ 13. Nc3 O-O 14. a3 Be7
15. Rb1 d4 16. Bxc6 dxc3 17. Bf3 cxb2 18. Rxb2 Nd5 19. Rxb7 Rab8 20. Bxd5 exd5
21. Rxb8 Rxb8 22. O-O a5 23. a4 Rb2 24. Rc1 f6 25. Rc7 Bb4 26. Kf1 Ra2 27. Rd7
Rxa4 28. Rxd5 Ra1+ 29. Kg2 Ra2 30. Kf3 a4 31. Bc5 Bc3 32. Rd8+ Kf7 33. Rd7+ Kg8
34. Ra7 Bb2 35. Ke4 Bc1 36. Kf5 g6+ 37. Kxf6 Bb2+ 38. d4 1-0

[Event "London Classic Open 2017"]
[Site "London ENG"]
[Date "2017.12.04"]
[Round "4.15"]
[White "McDonald, Neil"]
[Black "Le Roux, Jean-Pierre"]
[Result "1/2-1/2"]
[WhiteTitle "GM"]
[BlackTitle "GM"]
[WhiteElo "2397"]
[BlackElo "2560"]
[WhiteFideId "400629"]
[BlackFideId "609404"]
[EventDate "2017.12.02"]

1. e4 e5 2. Nf3 Nc6 3. Bc4 g6 4. d4 exd4 5. Nxd4 Bg7 6. Be3 d6 7. Nc3 Nf6 8. Qd2
O-O 9. O-O-O Nxd4 10. Bxd4 Be6 11. Bxe6 fxe6 12. f3 Nh5 13. Bxg7 Kxg7 14. e5
dxe5 15. Qe3 Qf6 16. Rd7+ Rf7 17. Rhd1 Rf8 18. Ne4 Qf4 19. Qxf4 Nxf4 20. Ng5
Rxd7 21. Rxd7+ Kg8 22. Nxh7 Rc8 23. Nf6+ Kf8 24. Kd2 Nxg2 25. Kd3 Ne1+ 26. Ke4
Nxc2 27. Kxe5 c5 28. Rxb7 Nd4 29. f4 Rc6 30. h3 a5 31. b3 Nf3+ 32. Ke4 Nd2+ 33.
Ke3 Nf1+ 34. Ke2 Ng3+ 35. Kf3 Nf5 36. Nd7+ Ke8 37. Ne5 Rd6 38. Rb8+ Ke7 39.
Nxg6+ Kf6 40. Ne5 Rd1 41. Rf8+ Ke7 42. Ra8 Nd4+ 43. Kg4 Rg1+ 44. Kh5 Ne2 45.
Ra7+ Ke8 46. Ng6 a4 47. Rxa4 Kf7 48. Ne5+ Kf6 49. Ng4+ Kf5 50. Ne3+ Kf6 51. Rc4
Rg7 52. Ng4+ Kf7 53. Ne5+ Kf6 54. Kh6 Ng3 55. Ng4+ Kf7 56. Ne5+ Kf6 57. Ng4+ Kf7
58. Ne5+ Kf6 59. Ng4+ 1/2-1/2

[Event "London Classic Open 2017"]
[Site "London ENG"]
[Date "2017.12.04"]
[Round "4.16"]
[White "Mikhalevski, Victor"]
[Black "Akash Pc, Iyer"]
[Result "0-1"]
[WhiteTitle "GM"]
[WhiteElo "2545"]
[BlackElo "2390"]
[WhiteFideId "2801914"]
[BlackFideId "5006775"]
[EventDate "2017.12.02"]

1. d4 Nf6 2. Nf3 g6 3. g3 Bg7 4. Bg2 O-O 5. O-O d6 6. b3 Bf5 7. Bb2 Qc8 8. Re1
Nc6 9. Nbd2 Bh3 10. e4 Bxg2 11. Kxg2 e5 12. d5 Ne7 13. c4 Nd7 14. b4 h6 15. Rc1
f5 16. exf5 Nxf5 17. Ne4 Nf6 18. Qd3 a5 19. b5 b6 20. Nfd2 Nd7 21. Re2 Qe8 22.
h4 Qf7 23. Rce1 Rae8 24. Nf3 Kh8 25. Ba3 Kg8 26. Bc1 Kh8 27. Bb2 Kg8 28. Ba3 Kh8
29. Bc1 Kg8 30. g4 Ne7 31. Rh1 Rc8 32. Rh3 Qe8 33. Re1 Rf7 34. h5 gxh5 35. Rxh5
Nf6 36. Nxf6+ Rxf6 37. Nh4 Qf7 38. f3 Re8 39. Qe4 Bf8 40. Rh1 Bg7 41. Re1 Rf8
42. Bd2 Re8 43. f4 exf4 44. Kf3 Qf8 45. Nf5 Rf7 46. Bc3 Nxf5 47. Qxe8 Bxc3 48.
gxf5 Bxe1 49. Qxe1 Qg7 50. Rh4 Re7 51. f6 Re3+ 0-1

[Event "London Classic Open 2017"]
[Site "London ENG"]
[Date "2017.12.04"]
[Round "4.17"]
[White "Handke, Florian"]
[Black "Arakhamia-Grant, Ketevan"]
[Result "1/2-1/2"]
[WhiteTitle "GM"]
[BlackTitle "GM"]
[WhiteElo "2526"]
[BlackElo "2350"]
[WhiteFideId "4634527"]
[BlackFideId "13600168"]
[EventDate "2017.12.02"]

1. e4 c5 2. Nf3 e6 3. d4 cxd4 4. Nxd4 Nc6 5. Nc3 a6 6. Nxc6 bxc6 7. Bd3 d5 8.
O-O Nf6 9. Re1 Be7 10. e5 Nd7 11. Qg4 Kf8 12. b3 h5 13. Qh3 c5 14. Na4 c4 15.
Bf1 Bb7 16. Bd2 Qc7 17. bxc4 dxc4 18. Rab1 Bc6 19. Nb2 Bd5 20. Qc3 Rc8 21. Nd1
Nc5 22. Qa5 Qxa5 23. Bxa5 g6 24. Ne3 Kg7 25. Red1 Rb8 26. Nxc4 Rxb1 27. Rxb1 Nd7
28. Ne3 Bxa2 29. Rb2 Bd5 30. Nxd5 exd5 31. Rb7 Nb8 32. Rxe7 Nc6 33. Rd7 Nxa5 34.
Rxd5 Nc6 35. Rc5 Nd4 36. Bxa6 Ra8 37. Bf1 Ra1 38. f3 Rc1 39. Rc4 Nf5 40. Rc3 Nd4
41. Rd3 Nc6 42. e6 fxe6 43. Rd2 Kf6 44. h4 g5 45. hxg5+ Kxg5 46. Kf2 e5 47. Bd3
Nd4 48. Ke3 Re1+ 49. Be2 Nf5+ 50. Kf2 Rc1 51. g3 h4 52. gxh4+ Nxh4 53. Bd3 Nf5
54. Re2 Kf6 55. Bxf5 Kxf5 56. Ke3 Ra1 57. Kd3 Rf1 58. Re3 Kf4 59. Re4+ Kf5 60.
Ke2 Rc1 61. Rc4 Ke6 62. Rc8 Kd7 63. Rc3 Kd6 64. Kd3 Kd5 65. Rc8 Rd1+ 66. Kc3 Rf1
67. Rd8+ Kc5 68. Rd3 Rf2 69. Re3 Kd5 70. Kd3 Rf1 71. c4+ Kd6 72. Kc3 Rb1 73. Kc2
Rb4 74. Kd3 Ra4 75. Re4 Ra3+ 76. Ke2 Rc3 77. Kf2 Ke6 78. Kg3 Kf5 79. Rh4 Kf6 80.
Rh6+ Kf5 81. Rh4 Kf6 82. Kf2 Kg5 83. Rg4+ Kf5 84. Ke2 Kf6 85. Rh4 Kg5 86. Re4
Kf5 87. Rh4 Kg5 88. Rg4+ Kf5 89. Re4 Kf6 90. f4 exf4 91. Kd2 Rh3 92. Rxf4+ Ke5
93. Rg4 Kd6 94. Rg5 Kc6 95. Rd5 Rg3 96. Rd3 1/2-1/2

[Event "London Classic Open 2017"]
[Site "London ENG"]
[Date "2017.12.04"]
[Round "4.18"]
[White "Vo, Thi Kim Phung"]
[Black "Kotronias, Vasilios"]
[Result "1/2-1/2"]
[WhiteTitle "WGM"]
[BlackTitle "GM"]
[WhiteElo "2380"]
[BlackElo "2524"]
[WhiteFideId "12401838"]
[BlackFideId "5900212"]
[EventDate "2017.12.02"]

1. d4 Nf6 2. c4 g6 3. Nc3 Bg7 4. e4 d6 5. Nf3 O-O 6. Be2 c5 7. d5 e6 8. O-O Re8
9. Nd2 exd5 10. cxd5 Nbd7 11. h3 h6 12. a4 g5 13. Nc4 Nxe4 14. Nxe4 Rxe4 15.
Nxd6 Rd4 16. Qc2 Nb6 17. Nb5 Rxd5 18. a5 Bf5 19. Qb3 c4 20. Qf3 Rxb5 21. axb6
Qxb6 22. Bxc4 Re5 23. Be3 Qxb2 24. Bxf7+ Kh7 25. Rad1 Qa3 26. Qxb7 Rf8 27. Bc4
a5 28. Qa6 Rf6 29. Qa8 Rf8 30. Qa6 Rf6 31. Qa8 Rf8 32. Qa6 1/2-1/2

[Event "London Classic Open 2017"]
[Site "London ENG"]
[Date "2017.12.04"]
[Round "4.19"]
[White "Fernandez, Daniel Howard"]
[Black "Jackson, James P"]
[Result "1/2-1/2"]
[WhiteTitle "GM"]
[BlackTitle "FM"]
[WhiteElo "2500"]
[BlackElo "2314"]
[WhiteFideId "5801605"]
[BlackFideId "416860"]
[EventDate "2017.12.02"]

1. e4 c5 2. Nf3 Nc6 3. d4 cxd4 4. Nxd4 Nf6 5. Nc3 e5 6. Nf5 d5 7. exd5 Bxf5 8.
dxc6 bxc6 9. Qf3 Qd7 10. Bc4 Be7 11. O-O O-O 12. Rd1 Qc8 13. Qe2 Qc7 14. h3 Bb4
15. Na4 Rfe8 16. a3 Bf8 17. Nc3 Rab8 18. Bb3 Be6 19. Bxe6 Rxe6 20. Rb1 Rd6 21.
Rxd6 Bxd6 22. Qc4 Nd5 23. Bd2 Nb6 24. Qe4 Bc5 25. a4 Bd4 26. Ne2 Nc4 27. Be1 Nd6
28. Qd3 Rxb2 29. Rd1 c5 30. Nxd4 cxd4 31. c3 Rb3 32. Qa6 Qc5 33. cxd4 exd4 34.
Bd2 h6 35. Bf4 Nc4 36. Re1 Kh7 37. Re8 Rb6 38. Qc8 Qxc8 39. Rxc8 Rb4 40. h4 Rxa4
41. Rd8 Ra1+ 42. Kh2 Rd1 43. Rd7 d3 44. Kg3 d2 45. Rd4 Rc1 46. Bxd2 Nxd2 47.
Rxd2 a5 48. Rd5 a4 49. Ra5 Rc4 50. h5 g5 51. hxg6+ fxg6 52. Ra7+ Kg8 53. f4 g5
54. fxg5 hxg5 55. Kf3 g4+ 56. Ke3 Kf8 57. Kd3 Rb4 58. g3 Ke8 59. Kc3 Rb3+ 60.
Kc2 Ra3 61. Kd2 Kf8 62. Ke2 Kg8 63. Kf2 Rf3+ 64. Kg2 Ra3 65. Kf2 Kf8 66. Ke2
Rxg3 1/2-1/2

[Event "London Classic Open 2017"]
[Site "London ENG"]
[Date "2017.12.04"]
[Round "4.20"]
[White "Sai Agni Jeevitesh, J"]
[Black "Gormally, Daniel W"]
[Result "1/2-1/2"]
[WhiteTitle "FM"]
[BlackTitle "GM"]
[WhiteElo "2384"]
[BlackElo "2477"]
[WhiteFideId "5070147"]
[BlackFideId "406465"]
[EventDate "2017.12.02"]

1. d4 Nf6 2. Nf3 e6 3. e3 c5 4. c4 cxd4 5. exd4 d5 6. Nc3 Be7 7. cxd5 Nxd5 8.
Bd3 Nc6 9. O-O O-O 10. Re1 Nf6 11. a3 b6 12. Bc4 Bb7 13. Ba2 Rc8 14. d5 Nxd5 15.
Nxd5 exd5 16. Bxd5 Bf6 17. Rb1 Qd7 18. Be4 Qxd1 19. Rxd1 Rfe8 20. Bd5 h6 21. Be3
Rcd8 22. b4 Rd7 23. b5 Na5 24. Bxb7 Rxb7 25. Bd4 Bxd4 26. Nxd4 Rc7 27. Rbc1 Rec8
28. Rxc7 Rxc7 29. Kf1 Rc3 30. Nc6 Nxc6 31. bxc6 Rxc6 32. Rd8+ Kh7 33. Rd7 a5 34.
Rxf7 Rc3 35. Rb7 Rxa3 36. Rxb6 g5 1/2-1/2

[Event "London Classic Open 2017"]
[Site "London ENG"]
[Date "2017.12.04"]
[Round "4.21"]
[White "Stauskas, Lukas"]
[Black "Bilguun, Sumiya"]
[Result "0-1"]
[BlackTitle "IM"]
[WhiteElo "2349"]
[BlackElo "2459"]
[WhiteFideId "12808148"]
[BlackFideId "4901541"]
[EventDate "2017.12.02"]

1. d4 d5 2. Nf3 e6 3. c4 c6 4. Nc3 dxc4 5. a4 Bb4 6. e3 b5 7. Bd2 a5 8. axb5
Bxc3 9. Bxc3 cxb5 10. b3 Bb7 11. bxc4 b4 12. Bb2 Nf6 13. Bd3 O-O 14. O-O Nbd7
15. Nd2 Re8 16. f3 e5 17. Qc2 h6 18. Rfd1 Qe7 19. c5 exd4 20. exd4 a4 21. Nc4 a3
22. Bc1 Bc6 23. Qf2 Nd5 24. Nd6 Rf8 25. Re1 Qf6 26. Ne4 Qg6 27. Bc4 N7f6 28. Bd2
Rfb8 29. Nxf6+ Nxf6 30. Re3 Nd5 31. Rb3 Qc2 32. Rc1 Qxc4 33. Rxc4 a2 34. Rc1
a1=Q 35. Rxa1 Rxa1+ 36. Be1 Re8 0-1

[Event "London Classic Open 2017"]
[Site "London ENG"]
[Date "2017.12.04"]
[Round "4.22"]
[White "Marzano, Carlo"]
[Black "Zhou, Yang-Fan"]
[Result "0-1"]
[BlackTitle "IM"]
[WhiteElo "2261"]
[BlackElo "2459"]
[WhiteFideId "802980"]
[BlackFideId "468584"]
[EventDate "2017.12.02"]

1. d4 g6 2. c4 Bg7 3. Nf3 d6 4. e4 Nf6 5. Nc3 O-O 6. Be2 Nbd7 7. Be3 e5 8. d5
Ng4 9. Bg5 f6 10. Bd2 Nh6 11. h4 f5 12. Ng5 Nc5 13. h5 f4 14. Nh3 g5 15. f3 Bf6
16. b4 g4 17. Nf2 Na6 18. a3 Bh4 19. Bf1 c5 20. b5 Nc7 21. Ke2 Ne8 22. Nd3 Ng7
23. Be1 g3 24. Kd2 Nxh5 25. Kc2 Ng7 26. a4 a6 27. Qb1 Bg5 28. Ne2 Nf7 29. Bc3
Nh8 30. Qb2 Ng6 31. Ndc1 h5 32. Ng1 Be7 33. Nce2 Bd7 34. Nc1 h4 35. Nb3 b6 36.
Nc1 Nh5 37. Nb3 Nf6 38. Nc1 Nh7 39. Nh3 Ng5 40. Nxg5 Bxg5 41. Ne2 h3 42. gxh3
Nh4 43. Rg1 Nxf3 44. Rh1 Qf6 45. Qc1 Nh4 46. Rg1 Kh8 47. Qd1 axb5 48. axb5 Rxa1
49. Bxa1 Nf3 50. Bg2 Nxg1 51. Nxg1 f3 52. Nxf3 Bh6 53. Bc3 Bxh3 54. Nxe5 dxe5
55. Qh5 Bxg2 56. Bxe5 Bxe4+ 57. Kb3 Kh7 58. Bxf6 Rxf6 59. Qg4 Rg6 60. Qxe4 g2
61. Qe7+ Bg7 62. Qh4+ Kg8 63. Qd8+ Bf8 0-1

[Event "London Classic Open 2017"]
[Site "London ENG"]
[Date "2017.12.04"]
[Round "4.23"]
[White "Globus, Or"]
[Black "Williams, Simon K"]
[Result "1/2-1/2"]
[BlackTitle "GM"]
[WhiteElo "2253"]
[BlackElo "2453"]
[WhiteFideId "2816776"]
[BlackFideId "404454"]
[EventDate "2017.12.02"]

1. d4 e6 2. c4 f5 3. g3 Nf6 4. Bg2 Be7 5. Nf3 d5 6. O-O c6 7. b3 Ne4 8. Bb2 Nd7
9. Nbd2 O-O 10. e3 Nd6 11. Qc2 Nf6 12. Ne5 Bd7 13. Nd3 Be8 14. Nf3 Nf7 15. a4 a5
16. c5 g5 17. Bc3 Bd7 18. b4 axb4 19. Bxb4 Bc8 20. Rfb1 Nd7 21. Qb2 Bf6 22. Bc3
h5 23. Nfe5 Nfxe5 24. dxe5 Be7 25. Bd4 Rf7 26. Qc3 1/2-1/2

[Event "London Classic Open 2017"]
[Site "London ENG"]
[Date "2017.12.04"]
[Round "4.24"]
[White "Bartholomew, John"]
[Black "Barj, Julien"]
[Result "1-0"]
[WhiteTitle "IM"]
[WhiteElo "2448"]
[BlackElo "2226"]
[WhiteFideId "2019353"]
[BlackFideId "629200"]
[EventDate "2017.12.02"]

1. d4 Nf6 2. c4 g6 3. Nc3 d5 4. Bg5 e6 5. cxd5 exd5 6. Bxf6 Qxf6 7. Nxd5 Qd6 8.
Nc3 Bg7 9. e3 O-O 10. Nf3 Bg4 11. Be2 Nd7 12. O-O c5 13. Qb3 cxd4 14. Nxd4 Nc5
15. Qc2 Bxe2 16. Ncxe2 Rac8 17. Rac1 Qa6 18. b4 Nd3 19. Qxc8 Rxc8 20. Rxc8+ Bf8
21. b5 Qxa2 22. Nc1 Nxc1 23. Rfxc1 Kg7 24. g3 a5 25. bxa6 bxa6 26. R8c2 Qd5 27.
Rc7 a5 28. Ra7 Qa2 29. Rc2 Qb1+ 30. Kg2 Bb4 31. Rcc7 Qe4+ 32. Nf3 Qe6 33. h4 h6
34. e4 Qa2 35. e5 g5 36. hxg5 hxg5 37. Nxg5 Kg6 38. Nf3 a4 39. Ra6+ Kf5 40. Rf6+
Ke4 41. Rf4+ 1-0

[Event "London Classic Open 2017"]
[Site "London ENG"]
[Date "2017.12.04"]
[Round "4.25"]
[White "Hand, Freddie"]
[Black "Cawdery, Daniel"]
[Result "1/2-1/2"]
[BlackTitle "IM"]
[WhiteElo "2139"]
[BlackElo "2447"]
[WhiteFideId "436950"]
[BlackFideId "14300249"]
[EventDate "2017.12.02"]

1. d4 Nf6 2. c4 g6 3. f3 d5 4. cxd5 Nxd5 5. e4 Nb6 6. Nc3 Bg7 7. Be3 O-O 8. Qd2
Nc6 9. O-O-O Qd6 10. Nb5 Qd7 11. Kb1 Rd8 12. d5 a6 13. dxc6 Qxd2 14. Rxd2 Rxd2
15. Bxd2 axb5 16. cxb7 Bxb7 17. Bxb5 Rd8 18. Bc1 Rd4 19. Ne2 Rb4 20. a4 Nxa4 21.
Bxa4 Rxa4 22. Rd1 Ra8 23. Bf4 Ba6 24. Nc3 c6 25. Kc2 Bc4 26. Bc7 f5 27. exf5
gxf5 28. Re1 Kf7 29. Be5 Bh6 30. f4 Rg8 31. g3 Rd8 32. Rd1 Rxd1 33. Nxd1 e6 34.
Kc3 Be2 35. Ne3 Bf8 36. b4 Be7 37. Bd4 Ke8 38. Nc4 Bxc4 39. Kxc4 Kd7 1/2-1/2

[Event "London Classic Open 2017"]
[Site "London ENG"]
[Date "2017.12.04"]
[Round "4.26"]
[White "Bellaiche, Anthony"]
[Black "Ronka, Erik"]
[Result "1-0"]
[WhiteTitle "IM"]
[WhiteElo "2499"]
[BlackElo "2260"]
[WhiteFideId "615668"]
[BlackFideId "505080"]
[EventDate "2017.12.02"]

1. d4 Nf6 2. c4 g6 3. Nc3 Bg7 4. e4 d6 5. Nf3 O-O 6. Be2 e5 7. O-O Nc6 8. d5 Ne7
9. b4 Ne8 10. c5 f5 11. Nd2 Nf6 12. f3 f4 13. Nc4 g5 14. g4 h5 15. h3 Ng6 16.
Ba3 Rf7 17. Kf2 Bf8 18. Ke1 Rh7 19. Kd2 Bd7 20. Qb3 Kh8 21. Kc2 Qb8 22. Na5 c6
23. Rad1 dxc5 24. bxc5 Qc7 25. Qxb7 Qxa5 26. Qxa8 cxd5 27. c6 Qxa3 28. exd5 Be8
29. gxh5 Nh4 30. Bd3 Rc7 31. Qd8 Nxd5 32. Qxd5 Bd6 33. Bc4 Bf7 34. Qxd6 Qxd6 35.
Rxd6 Bxc4 36. Rb1 Nf5 37. Rb8+ Bg8 38. Nb5 Rh7 39. Rdd8 1-0

[Event "London Classic Open 2017"]
[Site "London ENG"]
[Date "2017.12.04"]
[Round "4.28"]
[White "Gallagher, Joseph G."]
[Black "Yuan, Yuanling"]
[Result "0-1"]
[WhiteTitle "GM"]
[BlackTitle "WIM"]
[WhiteElo "2446"]
[BlackElo "2243"]
[WhiteFideId "1303422"]
[BlackFideId "8604541"]
[EventDate "2017.12.02"]

1. e4 c5 2. Nf3 d6 3. c3 Nf6 4. Be2 Nbd7 5. d3 g6 6. Nbd2 Bg7 7. O-O O-O 8. d4
e5 9. dxe5 Nxe5 10. Qc2 Nxf3+ 11. Bxf3 Be6 12. Rd1 Qe7 13. Nf1 Rad8 14. Ne3 Rfe8
15. h3 Bd7 16. Qb3 Be6 17. Qa4 a6 18. Qa5 Bc8 19. Nd5 Nxd5 20. Rxd5 f5 21. Bf4
fxe4 22. Re1 b6 23. Qa4 Qf7 24. Rxe4 Rxe4 25. Qxe4 Re8 26. Qxe8+ Qxe8 27. Rxd6
b5 0-1

[Event "London Classic Open 2017"]
[Site "London ENG"]
[Date "2017.12.04"]
[Round "4.29"]
[White "Hebden, Mark L"]
[Black "Britton, Richard L"]
[Result "0-1"]
[WhiteTitle "GM"]
[BlackTitle "FM"]
[WhiteElo "2445"]
[BlackElo "2239"]
[WhiteFideId "400084"]
[BlackFideId "401692"]
[EventDate "2017.12.02"]

1. d4 Nf6 2. Bg5 d5 3. e3 e6 4. Nd2 Be7 5. Bd3 Nbd7 6. Ngf3 c5 7. c3 b6 8. O-O
Bb7 9. Ne5 Nxe5 10. dxe5 Nd7 11. Bxe7 Qxe7 12. f4 O-O-O 13. Qe2 c4 14. Bc2 f6
15. exf6 gxf6 16. e4 Rhg8 17. exd5 f5 18. b4 Bxd5 19. Nf3 Rg7 20. Rad1 Rdg8 21.
Rf2 Nf6 22. Ng5 Qd7 23. g3 Ng4 24. Rf3 h6 25. Rxd5 exd5 26. Ne6 Rf7 27. Nd4 h5
28. h3 Re8 29. Qd2 Nh6 30. Re3 Rfe7 31. Re5 h4 32. gxh4 Rxe5 33. fxe5 Qg7+ 34.
Kf1 Qxe5 35. Nf3 Qe6 36. Ba4 Re7 37. Kf2 f4 38. Qxf4 Rf7 39. Qe3 Qxe3+ 40. Kxe3
Nf5+ 41. Kd2 Ng3 42. Ng5 Rf2+ 43. Ke3 Rxa2 44. Bd1 Nf5+ 45. Kf4 Nxh4 46. Bg4+
Kc7 47. Ke5 Kc6 48. Ne6 b5 49. Nd4+ Kb6 50. Kxd5 Rd2 51. Ke4 Rd3 52. Ne2 a6 53.
Nf4 Rd8 54. Ke5 Rd2 55. Kf6 Ng2 56. Kg5 Nxf4 57. Kxf4 Rd3 58. h4 Rxc3 59. h5 Rc1
60. h6 Rh1 61. Kg5 c3 62. Bf5 a5 63. bxa5+ Kxa5 64. h7 b4 0-1

[Event "London Classic Open 2017"]
[Site "London ENG"]
[Date "2017.12.04"]
[Round "4.30"]
[White "Wells, Peter K"]
[Black "Bremner, Adam"]
[Result "1-0"]
[WhiteTitle "GM"]
[BlackTitle "CM"]
[WhiteElo "2441"]
[BlackElo "2231"]
[WhiteFideId "400327"]
[BlackFideId "2400847"]
[EventDate "2017.12.02"]

1. e4 c5 2. Nf3 g6 3. c3 Bg7 4. d4 cxd4 5. cxd4 d5 6. e5 Nc6 7. Bb5 Bd7 8. Nc3
a6 9. Bxc6 Bxc6 10. h4 f6 11. Qe2 fxe5 12. Nxe5 Qb6 13. f4 Qxd4 14. Be3 Qb4 15.
O-O-O Nf6 16. Bd4 Rc8 17. Kb1 O-O 18. h5 Nxh5 19. Nxg6 e5 20. Qxh5 exd4 21.
Qxh7+ Kf7 22. Ne5+ Kf6 23. Qg6+ 1-0

[Event "London Classic Open 2017"]
[Site "London ENG"]
[Date "2017.12.04"]
[Round "4.31"]
[White "Richardson, John R"]
[Black "Cherniaev, Alexander"]
[Result "0-1"]
[WhiteTitle "FM"]
[BlackTitle "GM"]
[WhiteElo "2243"]
[BlackElo "2436"]
[WhiteFideId "401617"]
[BlackFideId "4117301"]
[EventDate "2017.12.02"]

1. Nf3 g6 2. e4 Bg7 3. d4 d6 4. Bc4 c6 5. O-O d5 6. exd5 cxd5 7. Bb5+ Bd7 8. Qe2
a6 9. Bxd7+ Nxd7 10. Bg5 Ngf6 11. Nc3 O-O 12. Ne5 Rc8 13. Rfe1 e6 14. Nxd7 Qxd7
15. Qd2 Ne8 16. Ne2 Nd6 17. f3 Qb5 18. b3 Qd7 19. Rac1 Rc6 20. c3 Rfc8 21. Rc2
Nf5 22. g4 Nd6 23. Bh6 Bh8 24. h4 Qd8 25. h5 b5 26. hxg6 hxg6 27. b4 a5 28. a3
Nc4 29. Qc1 e5 30. Rd1 e4 31. Rf1 Qd7 32. bxa5 Rf6 33. Bf4 exf3 34. Rxf3 g5 35.
Kf2 gxf4 36. Nxf4 Nd6 37. Nh5 Ne4+ 38. Ke3 Qxg4 39. Nxf6+ Bxf6 40. Qh1 Bg5+ 41.
Kd3 Ng3 42. Qh8+ Kxh8 0-1